Central Library OPAC University of Rajshahi

Bayesian inference in statistical analysis / (Record no. 51460)

MARC details
000 -LEADER
fixed length control field 00916nam a2200277 a 4500
001 - CONTROL NUMBER
control field 51460
003 - CONTROL NUMBER IDENTIFIER
rucl marc code BD-RjUL
005 - DATE AND TIME OF LATEST TRANSACTION
control field 20211209075650.0
008 - FIXED-LENGTH DATA ELEMENTS--GENERAL INFORMATION
fixed length control field 160831t19921973nyu||||| |||| 001 0 eng d
035 ## - SYSTEM CONTROL NUMBER
System control number (BD-RjUL)51580
040 ## - CATALOGING SOURCE
Original cataloging agency BD-RjUL
Language of cataloging eng
Transcribing agency BD-RjUL
041 ## - LANGUAGE CODE
Language code of text/sound track or separate title eng
082 ## - DEWEY DECIMAL CLASSIFICATION NUMBER
Edition number 23
Classification number 519.54
Author mark and year BOB 1992
100 1# - MAIN ENTRY--PERSONAL NAME
Personal name Box, George E P
9 (RLIN) 153891
245 10 - TITLE STATEMENT
Title Bayesian inference in statistical analysis /
Statement of responsibility, etc. George E P Box ; George C Tiao
250 ## - EDITION STATEMENT
Edition statement 1st ed.
260 ## - PUBLICATION, DISTRIBUTION, ETC. (IMPRINT)
Place of publication, distribution, etc. Reading, Mass.,
Name of publisher, distributor, etc. Addison-Wesley Pub. Co.
Date of publication, distribution, etc. c1973, 1992
300 ## - PHYSICAL DESCRIPTION
Pagination xviii, 588 p. :
Illustrations ill. ;
Size 25 cm.
490 ## - SERIES STATEMENT
Series statement Addison-Wesley series in behavioral sciences.
500 ## - GENERAL NOTE
General note Includes index
650 ## - SUBJECT ADDED ENTRY--TOPICAL TERM
Topical term or geographic name as entry element Mathematical statistics.
9 (RLIN) 153892
Topical term or geographic name as entry element analyse statistique.
9 (RLIN) 153893
700 ## - ADDED ENTRY--PERSONAL NAME
Personal name Tiao, George C, joint author
830 ## - SERIES ADDED ENTRY--UNIFORM TITLE
Uniform title Addison-Wesley series in behavioral sciences.
942 ## - ADDED ENTRY ELEMENTS (KOHA)
Source of classification or shelving scheme Dewey Decimal Classification
Koha item type Books
Holdings
Lost status Source of classification or shelving scheme Damaged status Not for loan Collection code Permanent Location Current Location Shelving location Date acquired Source of acquisition Cost, normal purchase price Total Checkouts Full call number Date last seen Copy number Koha item type
  Dewey Decimal Classification     Non-fiction Central Library, University of Rajshahi Central Library, University of Rajshahi   09/04/1997 Syntex, Chittagong 4335.66   519.54 BOB 1992 31/08/2016 C-2 Books